ARRUPE JESUIT UNIVERSITY

CORONAVIRUS -STOP THE SPREAD - CLEAN,DISINFECT,COVER

Introduction to the philosophy of sport / (Record no. 120431)

MARC details
000 -LEADER
fixed length control field 01531cam a2200313 a 4500
001 - CONTROL NUMBER
control field 17384871
003 - CONTROL NUMBER IDENTIFIER
control field ARRUPE
005 - DATE AND TIME OF LATEST TRANSACTION
control field 20140903020007.0
008 - FIXED-LENGTH DATA ELEMENTS--GENERAL INFORMATION
fixed length control field 120713s2012 mdu b 001 0 eng
010 ## - LIBRARY OF CONGRESS CONTROL NUMBER
LC control number 2012028670
020 ## - INTERNATIONAL STANDARD BOOK NUMBER
International Standard Book Number 9780742570603 (cloth : alk. paper)
020 ## - INTERNATIONAL STANDARD BOOK NUMBER
International Standard Book Number 9780742570610 (pbk. : alk. paper)
020 ## - INTERNATIONAL STANDARD BOOK NUMBER
International Standard Book Number 9780742570627 (ebook : alk. paper)
040 ## - CATALOGING SOURCE
Original cataloging agency DLC
Transcribing agency DLC
Modifying agency DLC
042 ## - AUTHENTICATION CODE
Authentication code pcc
050 00 - LIBRARY OF CONGRESS CALL NUMBER
Classification number GV706
Item number .R4395 2012
082 00 - DEWEY DECIMAL CLASSIFICATION NUMBER
Classification number 796.01
Edition number 23
300 ## - PHYSICAL DESCRIPTION
Dimensions 24 cm.
100 1# - MAIN ENTRY--PERSONAL NAME
Personal name Reid, Heather Lynne,
Dates associated with a name 1963-
9 (RLIN) 9951
245 10 - TITLE STATEMENT
Title Introduction to the philosophy of sport /
Statement of responsibility, etc Heather Reid.
260 ## - PUBLICATION, DISTRIBUTION, ETC. (IMPRINT)
Place of publication, distribution, etc Lanham, Md. :
Name of publisher, distributor, etc Rowman & Littlefield Publishers,
Date of publication, distribution, etc c2012.
300 ## - PHYSICAL DESCRIPTION
Extent xiii, 251 p. ;
490 0# - SERIES STATEMENT
Series statement Elements of philosophy
504 ## - BIBLIOGRAPHY, ETC. NOTE
Bibliography, etc Includes bibliographical references (p. 235-245) and index.
505 0# - FORMATTED CONTENTS NOTE
Formatted contents note Introduction: why study the philosophy of sport? -- The ancient hellenic heritage -- The modern olympic revival -- Sport and play -- Sport and games -- Sport and social practices -- Sport and art -- Mind and body -- Consequentialism and play -- Deontology and fairness -- Virtues and vices -- Ethical spectacle -- Sport and education -- Sport and social categories -- Sport and political ideals -- Sport and globalization -- Conclusion: ten intrinsic values of sport.
650 #0 - SUBJECT ADDED ENTRY--TOPICAL TERM
Topical term or geographic name as entry element Sports
General subdivision Philosophy.
9 (RLIN) 9952
906 ## - LOCAL DATA ELEMENT F, LDF (RLIN)
a 7
b cbc
c orignew
d 1
e ecip
f 20
g y-gencatlg
942 ## - ADDED ENTRY ELEMENTS (KOHA)
Source of classification or shelving scheme Library of Congress Classification
Koha item type Monograph ( Printed materials)
Koha issues (borrowed), all copies 1
Holdings
Withdrawn status Lost status Source of classification or shelving scheme Damaged status Not for loan Collection code Home library Current library Shelving location Date acquired Total Checkouts Full call number Barcode Date last seen Date checked out Price effective from Koha item type
    Library of Congress Classification     Main Collection ARRUPE LIBRARY ARRUPE LIBRARY Main Collection 23/04/2014 10 GV706 .R4395 2012 46500001645 11/03/2020 14/02/2020 23/04/2014 Monograph ( Printed materials)

 

Arrupe Library. PO Box MP320 Mt Pleasant, Harare, Zimbabwe
263 242 745411|librarian@aju.ac.zw